WWE WrestleMania XXVII Match Card - Statistics

General Stats
  • This quiz has been taken 23 times
  • The average score is 37 of 50
Answer Stats
Match type Wrestler % Correct
Singles CM Punk
100%
Singles Edge
100%
Singles John Cena
100%
Eight-man tag team Kane
100%
Singles Randy Orton
100%
Singles Rey Mysterio
100%
Singles The Miz
100%
Singles Alberto Del Rio
94%
Eight-man tag team Big Show
94%
Lumberjack Daniel Bryan
94%
Battle Royal Daniel Bryan
94%
No Holds Barred The Undertaker
94%
No Holds Barred Triple H
94%
Six-person Mixed tag team Dolph Ziggler
88%
Six-person Mixed tag team John Morrison
88%
Eight-man tag team Kofi Kingston
88%
Lumberjack Sheamus
88%
Battle Royal Sheamus
88%
Singles Cody Rhodes
81%
Eight-man tag team Ezekiel Jackson
81%
Eight-man tag team Heath Slater
81%
Eight-man tag team Santino Marella
81%
Six-person Mixed tag team Trish Stratus
81%
Eight-man tag team Wade Barrett
81%
Eight-man tag team Justin Gabriel
75%
Six-person Mixed tag team Layla
75%
Six-person Mixed tag team Michelle McCool
75%
Battle Royal Zack Ryder
75%
Battle Royal Evan Bourne
69%
Battle Royal Primo
69%
Battle Royal R-Truth
69%
Battle Royal Yoshi Tatsu
69%
Battle Royal Curt Hawkins
63%
Battle Royal Drew McIntyre
63%
Battle Royal Mark Henry
63%
Singles Michael Cole
63%
Battle Royal William Regal
63%
Battle Royal David Hart Smith
56%
Singles Jerry Lawler
56%
Battle Royal Jey Uso
56%
Battle Royal Jimmy Uso
56%
Battle Royal The Great Khali
56%
Battle Royal Chavo Guerrero
50%
Battle Royal Ted DiBiase Jr.
50%
Battle Royal Tyler Reks
50%
Battle Royal Chris Masters
44%
Battle Royal Johnny Curtis
38%
Battle Royal JTG
38%
Six-person Mixed tag team Nicole "Snooki" Polizzi
38%
Battle Royal Trent Barreta
25%
No matching quizzes found
Score Distribution
Percent of People with Each Score
Percentile by Number Answered
Your Score History
You have not taken this quiz